Pokémon - Les attaques de Sucroquin - Statistiques

Statistiques générales
  • Ce quiz a été pris 18 fois
  • Le résultat moyen est 8 sur 15
Statistiques - réponses
Niveaux Types Noms des attaques % Correct
Départ Normal Charge
100%
Niveau 12 Fée Vampibaiser
88%
Niveau 9 Plante Aromathérapie
75%
Niveau 36 Plante Cotogarde
75%
Niveau 33 Fée Câlinerie
63%
Niveau 15 Ténèbres Croco Larme
63%
Départ Normal Doux Parfum
63%
Niveau 24 Plante Spore Coton
63%
Niveau 39 Normal Effort
50%
Niveau 6 Fée Vent Féérique
50%
Niveau 21 Insecte Sécrétion
38%
Niveau 27 Plante Éco-Sphère
25%
Niveau 30 Normal Vœu
25%
Niveau 3 Normal Camaraderie
13%
Niveau 18 Normal Chant Canon
0%
Aucun quiz correspondant
Distribution des résultats
% des personnes avec chaque résultat
Percentile par nombre de réponses
Votre historique - résultats
Vous n’avez pas pris ce quiz